000 01239nam a2200277 a 4500
008 060623s2005 ||||||||||||||||| || u
050 _aIBRD(08)PRWP/3590
100 _aOtsuki, Tsunehiro
245 1 4 _aThe cost of compliance with product standards for firms in developing countries
_cby Keith E. Maskus; Tsunehiro Otsuki; John S. Wilson
246 _aan econometric study
260 _aWashington D.C:
_bWorld Bank
_c2005
300 _a35p.: ill.
350 _a0.00
490 _aWorld Bank policy research working papers
490 _aPolicy Research Working Paper
650 0 _aECONOMICS
650 0 _aAFRICA--ECONOMIC CONDITIONS
650 _aECONOMETRIC STUDY
650 _aECONOMIC ASPECTS--RESEARC PAPER--DEVELOPING COUNTRIES
650 _aECONOMIC ASPECTS--DEVELOPING COUNTRIES
700 _aMaskus, Keith E
700 _aWilson, John S
710 _aWorld Bank
995 _aSPECIAL COLLECTIONS
_D0.00
_eIBRD(08)PRWP/3590
_FCBU-MAIN LIBRARY (Kitwe)
_H1
_I0.00
_jIBRD(08)PRWP/3590
_M1
_UAVAILABLE
_WJun 23, 2006
_yZ03000561
_ZInternational Publications
995 _aSPECIAL COLLECTIONS
_D0.00
_e03006444
_FCBU-MAIN LIBRARY (Kitwe)
_H1
_I0.00
_jIBRD(08)PRWP/3590
_M1
_UAVAILABLE
_WJun 14, 2010
_yZ03006444
_ZInternational Publications
999 _c62564
_d62564